000 01477cam a2200289 a 4500
001 000019413
005 20200929170018.0
008 840419s1960 sp 001 e spa d
040 _aDO-SdBNP
_cCarP
_dDLC
082 _aPe864.3
_bS462t
245 0 0 _aSeis temas peruanos :
_bconferencias pronunciadas en la Embajada del Perú en España /
_cRamón Menéndez Pidal...[et. al.] ; introducción de Manuel Cisneros.
260 _aMadrid :
_bEspasa-Calpe,
_c1960.
300 _a147 p. ;
_c18 cm.
490 1 _aAustral. Verde: ensayos y filosofía
_v1297
500 _aIncluye índice de autores.
505 0 _tIntroducción /
_rManuel Cisneros --
_tLa moral en la conquista del Perú y el Inca Garcilaso de la Vega /
_rRamón Méndez Pidal --
_tEvocación del Cuzco y Macchu Pichu /
_rVictorio Macho --
_tEl Cuzco, la ciudad dos veces imperial /
_rMarqués de Lozoya --
_tEl Inca Garcilaso de la Vega, fruta nueva del Perú
_rJosé María Pemán --
_tVida y andanzas de Don Pablo de Olavide /
_rGregorio Marañón --
_tLima o la gracia y la musa /
_rEugenio Montes --
650 4 _aEnsayos peruanos
_920754
650 4 _aLiteratura peruana
_93140
650 4 _aIndigenas de perú
_xHistoria
_941673
651 4 _aPerú
_xHistoria
_918494
700 1 _aMenéndez Pidal, Ramón,
_d1869-1968
_93902
700 1 _aCisneros, Manuel,
_eintrod.
_941674
830 0 _aAustral.
_pVerde : ensayo y filosofía;
_v1297
_941675
910 _aCatalogación derivada / LC
910 _aWM
049 _aBNGR
999 _c18929
_d18929